000
00238nmm a2200085Ia 4500
008
220120s9999||||xx |||||||||||||||||und||
100
_a
PC QUEST
_9
10676
245
0
_a
Admin tools for Windows : Fresh u1, Flashget 1.6.5, PC wiz
260
_c
2005
999
_c
138459
_d
138459